Manual de derecho procesal

Đã lưu trong:
Chi tiết về thư mục
Tác giả chính: Casarino Viterbo, Mario (autor)
Định dạng: Sách
Ngôn ngữ:Tiếng Tây Ban Nha
Được phát hành: Santiago, Chile: Jurídica de Chile, 1992-1994
Phiên bản:Quinta edición actualizada
Loạt:Colección Manuales Jurídicos, 25, 43, 55
Những chủ đề:
Các nhãn: Thêm thẻ
Không có thẻ, Là người đầu tiên thẻ bản ghi này!

MARC

LEADER 00000nam a2200000 a 4500
001 UCV2495
003 CL-VaPUC
005 20240801164005.0
008 920805e19920000CL |||||||||||||||||spa|d
999 |c 210045  |d 210043 
040 |c Pontificia Universidad Católica de Valparaíso 
082 0 4 |a 347.83 CAS 1992  |2 21 
082 0 4 |a 347.83 CAS 1994  |2 21 
100 1 |a Casarino Viterbo, Mario  |e autor  |9 890113 
245 1 0 |a Manual de derecho procesal 
250 |a Quinta edición actualizada 
260 |a Santiago, Chile:  |b Jurídica de Chile,  |c 1992-1994 
300 |a 2 tomos. 
490 0 |a Colección Manuales Jurídicos, 25, 43, 55 
505 |a t.I-II: Derecho procesal orgánico t.III-IV: Derecho procesal civil 
583 |a last modification  |c 19920805 00:00:00  |k Rodrigo Vera 
650 1 0 |a Derecho procesal  |z Chile  |9 454338 
650 1 0 |a Derecho procesal orgánico  |z Chile  |9 737659 
650 1 |a Derecho procesal civil  |9 258071 
942 |c BK  |2 ddc 
945 |d 19920805 00:00:00  |a aalvarez 
952 |0 0  |1 0  |4 0  |6 347_830000000000000_CAS_1992  |7 0  |8 A  |9 186005  |a BIBDER  |b BIBDER  |d 2019-11-14  |h t.II  |i 2980894  |o 347.83 CAS 1992  |p 2980894  |r 2023-01-25  |w 2019-11-14  |y BK  |k DER 
952 |0 0  |1 0  |4 0  |6 347_830000000000000_CAS_1994  |7 0  |8 A  |9 186016  |a BIBDER  |b BIBDER  |d 2019-11-14  |h t.III  |i 3178323  |o 347.83 CAS 1994  |p 3178323  |r 2023-01-25  |w 2019-11-14  |y BK  |k DER 
952 |0 0  |1 0  |4 0  |6 347_830000000000000_CAS_1992  |7 0  |8 A  |9 186018  |a BIBDER  |b BIBDER  |d 2019-11-14  |h v.1  |i 3087204  |o 347.83 CAS 1992  |p 3087204  |r 2019-11-14  |w 2019-11-14  |y BK  |k DER